000 00917nam a2200229 i 4500
001 144679
003 ES-MaACL
005 20250804062604.0
007 t|
008 070214s1969 sp r ||||1| spa d
100 1 _aSnow, C. P.
_9106968
245 1 0 _aNueve hombres del siglo XX /
_cC. P. Snow ; traducción: Mercedes García Arenal y Magdalena Ferdinandy].
260 _aMadrid :
_bAlianza,
_c1969 (
_fCastilla)
300 _a248 p. ;
_c18 cm.
490 1 _aEl libro de bolsillo. Sección Humanidades ;
_v195
500 _aContiene: Rutherford ; G. H. Hardy ; H. G. Wells ; Einstein ; Lloyd George ; Winston Churchill ; Robert Frost ; Dag Hammarskjöld ; Stalin.
700 1 _aGarcía-Arenal, Mercedes.
_954180
700 1 _aFerdinandy, María Magdalena.
_949277
830 0 3 _aEl libro de bolsillo.
_pHumanidades
_v195
_9178672
852 _aES-MaACL
_jC-51239
_bR.70493
999 _c144679
_d144679